Крым (Запись № 10636904)

Подробности
000 -МАРКЕР
контрольное поле 03610nas1a2200685 i 4500
001 - ИДЕНТИФИКАТОР ЗАПИСИ
контрольное поле RU\NLR\DRGNLR\2371
005 - ИДЕНТИФИКАТОР ВЕРСИИ
контрольное поле 20240725031058.0
035 ## - ДРУГИЕ СИСТЕМНЫЕ НОМЕРА
Идентификатор записи (NLR Aleph) 010310943
100 ## - ДАННЫЕ ОБЩЕЙ ОБРАБОТКИ
Данные общей обработки 20080514b18821906u y0rusy50 ca
101 0# - ЯЗЫК РЕСУРСА
Язык текста, звукозаписи и т.д. русский
102 ## - СТРАНА ПУБЛИКАЦИИ ИЛИ ПРОИЗВОДСТВА
Страна публикации Российская Федерация
110 ## - ПОЛЕ КОДИРОВАННЫХ ДАННЫХ: ПРОДОЛЖАЮЩИЕСЯ РЕСУРСЫ
Кодированные данные продолжающегося ресурса cya||||||||
200 1# - ЗАГЛАВИЕ И СВЕДЕНИЯ ОБ ОТВЕТСТВЕННОСТИ
Основное заглавие Крым
Сведения, относящиеся к заглавию Газ. полит., обществ., лит. и науч.
Первые сведения об ответственности Ред.-изд. М.М.Эйдлин
207 #1 - ОБЛАСТЬ СПЕЦИФИЧЕСКИХ СВЕДЕНИЙ: НУМЕРАЦИЯ ПРОДОЛЖАЮЩИХСЯ РЕСУРСОВ
Нумерация: даты и обозначения томов 1882, 1 окт. - 1906, 4 марта
210 ## - ПУБЛИКАЦИЯ, РАСПРОСТРАНЕНИЕ И ДР.
Место издания, распространения и т.д. Симферополь
Дата издания, распространения и т.д. 1882 - 1906
300 ## - ОБЩИЕ ПРИМЕЧАНИЯ
Текст примечания Перерыв в изд.: 1894, 14 сент. - 1895, 31 сент.; 1905, 11 сент. - 9 нояб
311 ## - ПРИМЕЧАНИЯ, ОТНОСЯЩИЕСЯ К ПОЛЯМ СВЯЗИ (ПРИМЕЧАНИЯ О СВЯЗИ С ДРУГИМИ ПРОИЗВЕДЕНИЯМИ (ИЗДАНИЯМИ))
Текст примечания С 5 марта 1906 взамен изд. газ. "Новый Крым" (см. )
430 #0 - ПРОДОЛЖЕН
Встроенное поле 2001#$aСевастопольский справочный листок
Заглавие Севастопольский справочный листок
430 #0 - ПРОДОЛЖЕН
Встроенное поле 2001#$aСевастопольский листок
Заглавие Севастопольский листок
488 #0 - ДРУГИЕ ВЗАИМОСВЯЗАННЫЕ ПРОИЗВЕДЕНИЯ (ДОКУМЕНТЫ)
Встроенное поле 2001#$aНовый Крым
Заглавие Новый Крым
540 1# - ДОПОЛНИТЕЛЬНОЕ ЗАГЛАВИЕ, ПРИМЕНЯЕМОЕ КАТАЛОГИЗАТОРОМ
Заглавие Крым
620 ## - МЕСТО И ДАТА ПУБЛИКАЦИИ, ИСПОЛНЕНИЯ И Т. Д.
Страна Россия
Город Севастополь
702 #1 - ИМЯ ЛИЦА - ВТОРИЧНАЯ ОТВЕТСТВЕННОСТЬ
Начальный элемент ввода Эйдлин
Часть имени, кроме начального элемента ввода М.М.
Расширение инициалов личного имени Мордух Меерович
Код отношения Редактор
801 #0 - ИСТОЧНИК ЗАПИСИ
Страна Российская Федерация
Организация NLR
Дата составления 20080514
Правила каталогизации PSBO
Источник данных gzdor_isis
801 #2 - ИСТОЧНИК ЗАПИСИ
Страна Российская Федерация
Организация NLR
Дата составления 20080514
Правила каталогизации PSBO
Источник данных rusmarc
852 ## - МЕСТОНАХОЖДЕНИЕ И ШИФР ХРАНЕНИЯ
Идентификатор организации NLR
Шифр хранения (Call Number) 1-Р/2-303
942 ## - ДОПОЛНИТЕЛЬНЫЕ ЭЛЕМЕНТЫ ЗАПИСИ (АБИС)
Тип экземпляра АБИС Газета
980 ## - КОЛЛЕКЦИЯ
Название коллекции Газеты России (1703 - 1917)
981 48 - КОЛЛЕКЦИЯ ЭЛЕКТРОННОЙ БИБЛИОТЕКИ
Название коллекции

Нет доступных экземпляров.